Statistics for Roma All-Time Starting XI

Click here to take the quiz!

General Stats

  • This quiz has been taken 17 times
  • The average score is 3 of 13

Answer Stats

PositionPlayer% Correct
MF (1993-2017)Francesco Totti
100%
MF (2001-19)Daniele De Rossi
69%
DF (1997-2003)Cafu
50%
DF (1990-2003)Aldair
19%
Coach (1999-2004)Fabio Capello
19%
MF (1981-96)Giuseppe Giannini
13%
FW (1978-88)Roberto Pruzzo
13%
FW (1973-91)Bruno Conti
6%
GK (1977-90)Franco Tancredi
6%
DF (1955–69)Giacomo Losi
6%
12th player (1980-85)Paulo Roberto Falcão
6%
FW (1953-61)Alcides Ghiggia
0%
DF (1981-92)Sebastiano Nela
0%

Score Distribution

Percentile by Number Answered

Percent of People with Each Score

Your Score History

You have not taken this quiz